Normal view
MARC view
- Kenneth Field
Entry Personal Name
001 - CONTROL NUMBER
- control field: 134146
003 - CONTROL NUMBER IDENTIFIER
- control field: NUST
005 - DATE AND TIME OF LATEST TRANSACTION
- control field: 20260415145212.0
008 - FIXED-LENGTH DATA ELEMENTS
- fixed length control field: 260415|| aca||aabn | a|a d
040 ## - CATALOGING SOURCE
- Original cataloging agency: NUST
- Transcribing agency: NUST
100 ## - HEADING--PERSONAL NAME
- Personal name: Kenneth Field
670 ## - SOURCE DATA FOUND
- Source citation: Work cat.: (NUST): Kenneth Field, Cartography /, 2018.
